| 000 | 02030cam a22004455i 4500 | ||
|---|---|---|---|
| 001 | 21770337 | ||
| 005 | 20230216103541.0 | ||
| 006 | m |o d | | ||
| 007 | cr ||||||||||| | ||
| 008 | 180530s2019 gw |||| o |||| 0|eng | ||
| 010 | _a 2019759740 | ||
| 020 | _a9783319774923 | ||
| 024 | 7 |
_a10.1007/978-3-319-77492-3 _2doi |
|
| 035 | _a(DE-He213)978-3-319-77492-3 | ||
| 082 | 0 | 4 | _a005.8,KOT |
| 245 | 0 | 0 |
_aCyber Resilience of Systems and Networks / _cedited by Alexander Kott, Igor Linkov. |
| 250 | _a1st ed. 2019. | ||
| 264 | 1 |
_aCham : _bSpringer International Publishing : _bImprint: Springer, _c2019. |
|
| 300 | _a1 online resource (X, 475 pages 121 illustrations, 87 illustrations in color.) | ||
| 336 |
_atext _btxt _2rdacontent |
||
| 337 |
_acomputer _bc _2rdamedia |
||
| 338 |
_aonline resource _bcr _2rdacarrier |
||
| 347 |
_atext file _bPDF _2rda |
||
| 490 | 1 |
_aRisk, Systems and Decisions, _x2626-6717 |
|
| 505 | 0 | _aPart 1. Quantifying Cyber Resilience (Page-29), Part 2. Assessment and Analysis of Cyber Resilience (Page-69), Part 3. Enhancing Cyber Resilience (Page-197), Part 4. Cyber Resilience in Selected Classes of Systems and Networks (Page-355). | |
| 650 | 0 |
_aComputer security. _9570 |
|
| 650 | 0 | _aIndustrial safety. | |
| 650 | 0 | _aQuality control. | |
| 650 | 0 |
_aReliability. _9109127 |
|
| 650 | 1 | 4 |
_aQuality Control, Reliability, Safety and Risk. _0https://scigraph.springernature.com/ontologies/product-market-codes/T22032 _9109128 |
| 650 | 2 | 4 |
_aSystems and Data Security. _0https://scigraph.springernature.com/ontologies/product-market-codes/I28060 _998490 |
| 700 | 1 |
_aKott, Alexander. _eeditor. _9109129 |
|
| 700 | 1 |
_aLinkov, Igor. _eeditor. _9109130 |
|
| 776 | 0 | 8 |
_iPrint version: _tCyber resilience of systems and networks _z9783319774916 _w(DLC) 2018940877 |
| 776 | 0 | 8 |
_iPrinted edition: _z9783030084677 |
| 776 | 0 | 8 |
_iPrinted edition: _z9783319774916 |
| 776 | 0 | 8 |
_iPrinted edition: _z9783319774930 |
| 830 | 0 |
_aRisk, Systems and Decisions, _x2626-6717 _9109131 |
|
| 942 |
_2ddc _cBK |
||
| 999 |
_c593317 _d593317 |
||